000
00290nam a22001337a 4500
008
181022b xxu||||| |||| 00| 0 eng d
020
_a
9780070522565
041
_a
eng
080
_a
316
100
_a
50
101
_a
SOC
245
_a
Aging And Life Course
_c
Jill.Q
942
_2
udc
_c
BK
999
_c
50362
_d
50362